Κατάλογος Βιβλιοθηκών Mediterranean College

Τεχνολογία Ξύλου / Πρίση, Ξήρανση, Εμποτισμός, Καμπύλωση, Καπλαμάς (Record no. 3114)

MARC details
000 -LEADER
fixed length control field 00908cam a22001934a 4500
005 - ΗΜΕΡΟΜΗΝΙΑ ΚΑΙ ΩΡΑ ΤΕΛΕΥΤΑΙΑΣ ΕΝΗΜΕΡΩΣΗΣ
Πεδίο ελέγχου 20250605164105.0
008 - FIXED-LENGTH DATA ELEMENTS--GENERAL INFORMATION
Πεδίο ελέγχου σταθερού μήκους 250528s ||||||||||||||||||||||||d
035 ## - SYSTEM CONTROL NUMBER
System control number 17713
020 ## - ISBN
ISBN 9789604116997
040 ## - ΠΗΓΗ ΚΑΤΑΛΟΓΟΓΡΑΦΗΣΗΣ
Φορέας πρωτότυπης καταλογογράφησης MC Athens Campus Library
Γλώσσα καταλογογράφησης Ελληνικά, Μοντέρνα (1453-)
Modifying agency MC Athens Campus Library
Κανόνες περιγραφικής καταλογογράφησης AACR2
245 1# - ΤΙΤΛΟΣ ΚΑΙ ΔΗΛΩΣΗ ΥΠΕΥΘΥΝΟΤΗΤΑΣ
Τίτλος Τεχνολογία Ξύλου / Πρίση, Ξήρανση, Εμποτισμός, Καμπύλωση, Καπλαμάς
260 ## - PUBLICATION, DISTRIBUTION, ETC.
Name of publisher, distributor, etc. Ίων,
Date of publication, distribution, etc. 2009
300 ## - PHYSICAL DESCRIPTION
Extent 248
520 ## - SUMMARY, ETC.
Summary, etc. Συγκομιδή του Ξύλου και άλλων Δασικών Προιόντων, Ξύλινοι Στύλοι - Πάσσαλοι, Πριστή Ξυλεία, Ξήρανση Ξυλείας, Άτμιση του Ξύλου, Εμποτισμός του Ξύλου, Ποιότητα και Πιστοποίηση Ξυλείας, Ξυλόφυλλα.
700 1# - ΠΡΟΣΘΕΤΗ ΑΝΑΓΡΑΦΗ--ΦΥΣΙΚΟ ΠΡΟΣΩΠΟ
Personal name Κακάρας Ιωάννης
9 (RLIN) 3900
942 ## - ADDED ENTRY ELEMENTS (KOHA)
Koha item type Books
Holdings
Τύπος τεκμηρίου Βιβλιοθήκη Τρέχουσα τοποθεσία Barcode Αριθμός εισαγωγής Ημερομηνία απόκτησης Ταξιθετικό σύμβολο Αριθμός αντιτύπου Κατάσταση απόσυρσης Κατάσταση χαμένου Κατάσταση κατεστραμμένου Μη δανεισμός Σύνολο δανεισμών Ημερομηνία τελευταίας εμφάνισης Η τιμή ισχύει από
Books MC Athens Campus Library MC Athens Campus Library 9780000031136 6086 05/06/2025 674.1 ΚΑΚ 1           05/06/2025 05/06/2025

MC Athens Campus Library
Πατησίων 94 & Κοδριγκτώνος 13, 104 34
Πελλήνης 8 & Πατησίων 107, 112 51
Τ: +30 210 8899600

MC Thessaloniki Campus Library
Ίωνος Δραγούμη 21, 54625 | Ίωνος Δραγούμη 15, 54625
Τ: +30 2310 287779 – Τ: +30 2314 440300